Responses for Show #4312 - Tuesday, May 6, 2003

2003 Tournament of Champions quarterfinal game 2.

Contestants

[<< previous game]

Mark Dawson, a business manager from Chamblee, Georgia

Trevor Norris, a management analyst from Washington, D.C.

Max Levaren, a personal success coach from San Diego, California

[next game >>]

Jeopardy! Round responses

TOUGH GEOGRAPHY
POP CULTURE
STAND BY YOUR MANNEQUIN
AROUND THE GYM
PENGUIN CLASSICS
(Alex: From the book company.)
FROM THE LATIN
    $200 26
(Mark: What is the Gulf of Tonkin?)

Gulf of Thailand

Mark
Triple Stumper
    $200 9
Cracker Jack

Mark
    $200 14
Marie Antoinette

Mark
    $200 2
rowing

Mark
    $200 21
"The Odyssey"

Max
    $200 1
fables

Mark
    $400 27
Poland

Max
    $400 10
Apollo

Trevor
    $400 15
CPR (Cardiopulmonary resuscitation)

Trevor
    $400 3
carbohydrates

Trevor
    $400 22
"Don Quixote"

Trevor
    $400 7
faith & charity

Max
    $600 28
(Mark: What is Vanuatu?)

Fiji

Mark
Triple Stumper
    $600 11
Calvin and Hobbes

Mark
    $600 16
wax

Trevor
    $600 4
StairMaster

Mark
    $600 23
(Trevor: What is "Tom Thumb?")

"Gulliver's Travels"

TrevorMark
    $600 8
minute

Mark
    $800 29
Hindu

Mark
    $800 12
(Trevor: What is a Manhattan?)

apple martini

TrevorMark
    $800 17
L. Frank Baum

Trevor
    $800 5
recumbent

Trevor
    $2,000 24
"The Crucible"

Mark
    $800 19
grain

Trevor
    $1000 30
(Mark: What is the north slope of Alaska?)

ANWR (Arctic National Wildlife Refuge)

TrevorMark
    $1000 13
Segway

Mark
    $1000 18
Howard Carter

Max
    $1000 6
Pilates

Trevor
    $1000 25
(Trevor: What is the Rubaiyat?)

the Bhagavad Gita

Trevor
Triple Stumper
    $1000 20
sibilant

Triple Stumper

Scores at the first commercial break (after clue 15):

Max Trevor Mark
$400 $2,200 $4,400

Scores at the end of the Jeopardy! Round:

Max Trevor Mark
$2,000 $4,200 $6,000

Double Jeopardy! Round responses

U.S. HISTORY
SINGING ACTORS
THE RUSSIANS ARE COMING!
LABOR
MY SON, THE PAINTER
TRIPLE RHYME TIME
    $400 16
(Trevor: What is Puerto Rico?)

Cuba

MaxTrevor
    $400 6
Russell Crowe

Trevor
    $400 24
Boris Yeltsin

Mark
    $400 21
minimum wage

Trevor
    $400 1
Alexander Calder

Trevor
    $400 11
mellow yellow cello

Max
    $800 17
Omar Bradley

Mark
    $800 7
Anthony Perkins

Triple Stumper
    $800 27
Anton Chekhov

Trevor
    $800 22
Eugene V. Debs

Mark
    $800 2
(Max: Who is Andrew Wyeth?)

N.C. Wyeth

Max
Triple Stumper
    $800 12
nice ice price

Max
    $1200 18
Dust Bowl

Trevor
    $1200 8
Joe Pesci

Trevor
    $1200 28
Sergei Prokofiev

Mark
    $1200 23
International Ladies' Garment Workers' Union

Mark
    $1200 3
Hans Holbein

Max
    $1200 13
Tacoma diploma aroma

Triple Stumper
    $1600 19
Lusitania

Trevor
    $1600 9
Billy Bob Thornton

Trevor
    $1600 29
George Balanchine

Mark
    $1600 25
John L. Lewis

Max
    $1600 4
Jan Brueghel

Triple Stumper
    $1600 14
smother another brother

Trevor
    $2,000 20
G.I. Bill of Rights

Trevor
    $2000 10
Nichelle Nichols

Mark
    $2000 30
Valentina Tereshkova

Mark
    $2000 26
(Trevor: What is the Sherman Antitrust Act?)

Taft-Hartley Act

MaxTrevor
    $2000 5
Charles Willson Peale

Triple Stumper
    $2,000 15
gory Tory story

Trevor

Scores at the end of the Double Jeopardy! Round:

Max Trevor Mark
$7,600 $15,000 $16,000

Final Jeopardy! Round responses

LEGAL HISTORY
MaxWhat is Lame Duck?
$7,600
TrevorWhat is temporary insanity
$3,000
MarkWhat is temporary insanity
$799
temporary insanity

Final scores:

Max Trevor Mark
$0 $18,000 $16,799
3rd place: $5,000 if eliminated Automatic semifinalist 2nd place: $5,000 if eliminated

Game dynamics:

Coryat scores:

Max Trevor Mark
$7,600 $15,000 $14,800
10 R,
1 W
21 R
(including 2 DDs),
5 W
20 R
(including 1 DD),
3 W

Combined Coryat: $37,400

[game clues] [game scores] [suggest correction]

Game tape date: 2003-03-18
The J! Archive is created by fans, for fans. Scraping, republication, monetization, and malicious use prohibited; this site may use cookies and collect identifying information. See terms. The Jeopardy! game show and all elements thereof, including but not limited to copyright and trademark thereto, are the property of Jeopardy Productions, Inc. and are protected under law. This website is not affiliated with, sponsored by, or operated by Jeopardy Productions, Inc. Join the discussion at JBoard.tv.